000 00353nam a22001457a 4500
008 221006b ||||| |||| 00| 0 eng d
020 _a978160547708
041 _aeng
080 _2NINTH EDITION
_a610.73
082 _a610.73 POL
100 _a5
101 _aINF
245 _aNURSING RESEARCH; GENERATING AND ASSESSING
_cPOLIT D
942 _2udc
_cBK
999 _c58377
_d58377